书目信息 |
| 题名: |
一六四○年英国革命史
|
|
| 作者: | 基佐 著 ;伍光健 译 | |
| 分册: | ||
| 出版信息: | 北京 商务印书馆 1985 |
|
| 页数: | 465页 | |
| 开本: | 20cm | |
| 丛书名: | 汉译世界学术名著丛书 | |
| 单 册: | ||
| 中图分类: | K561.41 | |
| 科图分类: | ||
| 主题词: | 英国资产阶级革命(1640~1688) , 西欧--历史 | |
| 电子资源: | ||
| ISBN: | ||
| 000 | 00879nam2 2200289 45 | |
| 001 | 0185009175 | |
| 005 | 20060331104820.68 | |
| 010 | @dCNY2.95 | |
| 091 | @a11017.685 | |
| 100 | @a19901008d1985 kemy0chiy0121 ea | |
| 101 | 1 | @achi@beng@cfre |
| 102 | @aCN@b110000 | |
| 105 | @ay z 000yd | |
| 200 | 10 | @a一六四○年英国革命史@Ayi liu si○nian ying guo ge ming shi@f(法)F·基佐著@F(fa)F·ji zuo zhu@g伍光健译 |
| 210 | @a北京@c商务印书馆@d1985 | |
| 215 | @a465页@d20cm | |
| 225 | 2 | @a汉译世界学术名著丛书 |
| 300 | @a据英国戴维·博格出版社1851年版译出 | |
| 410 | 0 | @120010@a汉译世界学术名著丛书 |
| 606 | @a英国资产阶级革命(1640~1688) | |
| 606 | 0 | @a西欧@x历史 |
| 690 | @aK561.41@v3 | |
| 701 | 0 | @a基佐@Aji zuo@4著 |
| 702 | 0 | @a伍光健@Awu guang jian@4译 |
| 801 | 2 | @aCN@bNLC@c20060331 |
| 801 | 0 | @aCN@b深圳图书馆@c20040510 |
| 905 | @f2@b155386-387@dK561.41@e14 | |
| 一六四○年英国革命史/(法)F·基佐著/伍光健译.-北京:商务印书馆,1985 |
| 465页;20cm.-(汉译世界学术名著丛书) |
| 据英国戴维·博格出版社1851年版译出 |
| ISBN :CNY2.95 |
| ● |
| 相关链接 |
|
|
|
|
正题名:一六四○年英国革命史
索取号:K561.41/14
 
预约/预借
| 序号 | 登录号 | 条形码 | 馆藏地/架位号 | 状态 | 备注 |
| 1 | 0155386 | 001415203 | 第二样本阅览室/ [索取号:K561.41/14] | 在馆 | |
| 2 | 0155387 | 001415230 | 第二借阅区/ [索取号:K561.41/14] | 在馆 | |
| 3 | 0155388 | 202215600 | 密集书库/ [索取号:K561.41/14] | 在馆 |